Banská Štiavnica

Zobrazenie: Pohľad ponad strechy na kostol sv. Kataríny a radnicu vľavo vedľa neho. Za radnicou je na vyvýšenine Starý zámok. Pred radnicou vľavo je evanjelický kostol. Za mestom je čiastočne zalesnený svah

Bibliographic Details
Other Authors: Plicková, Ester, 1928-2011 (Photographer)
Format: Photo
Language:Slovak
PhysicalDescription:1 pohľadnica čiernobiela 11 x 15 cm
Published: [Bratislava] VPL 1965
Subjects:

MARC

LEADER 00000nkm a2200000 a 4500
001 vtls011974959
003 SK-MaSNL
005 20260331211844.0
007 kf bo
008 231120s1965 xo g kuslo
015 |a SNBG1965 
035 |a urn:nbn:sk:snk-km00ehvo 
035 |a urn:nbn:sk:snk-km45xlf 
035 |a 9DA2D781-D1B4-47D1-8ED9-14519A8D8EB9 
040 |a SNK  |b slo  |c SNK  |e AACR2 
041 0 |a slo 
043 |a e-xo--- 
044 |a xo  |c SK 
072 7 |a 913  |x Regionálna geografia  |2 konspekt 
080 |a 913(437.6)  |2 2011 
080 |a 728.82  |2 2011 
080 |a 726:27-523.42  |2 2011 
080 |a 725.1:352  |2 2011 
080 |a 904(084.121)  |2 2011 
100 1 |a Plicková, Ester,  |d 1928-2011  |4 pht  |9 164201 
245 1 0 |a Banská Štiavnica  |h grafika  |c foto Ester Plicková 
260 |a [Bratislava]  |b VPL  |c 1965 
300 |a 1 pohľadnica  |b čiernobiela  |c 11 x 15 cm 
520 8 |a Zobrazenie: Pohľad ponad strechy na kostol sv. Kataríny a radnicu vľavo vedľa neho. Za radnicou je na vyvýšenine Starý zámok. Pred radnicou vľavo je evanjelický kostol. Za mestom je čiastočne zalesnený svah 
610 2 7 |a Kostol sv. Kataríny Alexandrijskej (Banská Štiavnica, Slovensko)  |2 SNKKA  |9 175718 
610 2 7 |a Starý zámok (Banská Štiavnica, Slovensko)  |2 SNKKA  |9 165898 
650 0 7 |a kultúrne pamiatky  |2 SNKPH  |9 2862 
650 0 7 |a kostoly  |2 SNKPH  |9 3023 
650 0 7 |a zámky  |2 SNKPH  |9 3041 
650 0 7 |a radnice  |2 SNKPH  |9 27759 
651 7 |a Banská Štiavnica (Slovensko)  |2 SNKPHgeo  |9 16373 
655 7 |a miestne pohľadnice  |2 SNKPH  |9 70510 
655 7 |a pohľadnice kultúrnych pamiatok  |2 SNKPH  |9 70523 
852 |a Slovenská národná knižnica 
954 |a pohľadnice pôvodné (slovenské)  |2 lita 
958 |a GC 
958 |a OND 
958 |a GBN 
958 |a EUIPO 
999 |c 1123321  |d 1125251 
952 |a SNK  |b SNK  |y PREZ  |7 0  |p 17A1275651  |o snkSP 48101  |0 0  |1 0  |4 0  |d 2020-06-18  |f 1  |l 0  |r 2026-02-24 18:37:53  |w 2026-02-24